Circular migration in Zimbabwe & contemporary sub-Saharan Africa (Record no. 186819)
[ view plain ]
| 000 -LEADER | |
|---|---|
| fixed length control field | 00320nam a2200097Ia 4500 |
| 082 ## - DEWEY DECIMAL CLASSIFICATION NUMBER | |
| Classification number | 304.896891|POTT |
| 008 - FIXED-LENGTH DATA ELEMENTS--GENERAL INFORMATION | |
| fixed length control field | 210817s9999 xx 000 0 und d |
| 100 ## - MAIN ENTRY--PERSONAL NAME | |
| Personal name | Potts, Deborah Claremont, South Africa, [c.2011] |
| 9 (RLIN) | 59451 |
| 245 #0 - TITLE STATEMENT | |
| Title | Circular migration in Zimbabwe & contemporary sub-Saharan Africa |
| 942 ## - ADDED ENTRY ELEMENTS | |
| item type | Books |
| Withdrawn status | Lost status | Damaged status | Not for loan | Home library | Current library | Date acquired | Cost, normal purchase price | Total Checkouts | Barcode | Date last seen | Price effective from | item type |
|---|---|---|---|---|---|---|---|---|---|---|---|---|
| Emthonjeni PL (MMID-PLEMA-EMTH) | Emthonjeni PL (MMID-PLEMA-EMTH) | 18.08.2021 | 220.00 | 3322810065330 | 18.08.2021 | 18.08.2021 | Books |